Μη μεταλλικά τεχνικά υλικά : πολυμερή, κεραμικά, σύνθετα υλικά, ξύλο : δομή, ιδιότητες, τεχνολογία, εφαρμογές

Αποθηκεύτηκε σε:
Λεπτομέρειες βιβλιογραφικής εγγραφής
Κύριος συγγραφέας: Παντελής, Δημήτρης Ι.
Μορφή: Βιβλίο
Γλώσσα:Greek
Δημοσίευση: Αθήνα : Παπασωτηρίου, 2008
Έκδοση:2η αναθ. έκδ.
Θέματα:
Ετικέτες: Προσθήκη ετικέτας
Δεν υπάρχουν, Καταχωρήστε ετικέτα πρώτοι!

MARC

LEADER 00000cam a2200000 i 4500
001 1/10298
008 100924s gre d
020 |a 978-960-7182-03-6 
035 |l 10108964 
040 |a GR-MY-UA  |b gre  |e aacr 
041 0 |a gre 
082 0 |a 620.11  |2 (22) 
100 1 |a Παντελής, Δημήτρης Ι. 
245 1 0 |a Μη μεταλλικά τεχνικά υλικά :  |b πολυμερή, κεραμικά, σύνθετα υλικά, ξύλο : δομή, ιδιότητες, τεχνολογία, εφαρμογές /  |c Δημήτρης Ι. Παντελής 
250 |a 2η αναθ. έκδ. 
260 |a Αθήνα :   |b Παπασωτηρίου,   |c 2008 
300 |a 329 σ.;  |b εικ.;  |c 24 εκ. 
504 |a Βιβλιογραφία: σ. 317-321. Ευρετήριο 
650 0 0 |a Nonmetallic materials  |x Testing. 
650 0 0 |a Strength of materials. 
852 |a INST  |b SYROS  |e 20100924  |h 620.11 ΠΑΝ  |p 005500009598  |q 005500009598  |t BK  |y 0 
901 |a BIBL5-2010-3 
909 |a Ε  |b 160435 
970 |a ΚΟΝΤΟΥ  |b ΠΑΡΑΣΚΕΥΗ  |z 2010/09/24